La distribución del ingreso y el gasto educativo de los hogares mexicanos : un análisis a tráves de las Encuestas Nacionales de Ingresos y Gastos de los Hogares (ENIGH) : 1984-1992 (Record no. 66191)
[ view plain ]
| 000 -CABECERA | |
|---|---|
| campo de control de longitud fija | 00794nam a2200229 a 4500 |
| 005 - FECHA Y HORA DE LA ÚLTIMA TRANSACCIÓN | |
| campo de control | 20210219153017.0 |
| 008 - ELEMENTOS DE LONGITUD FIJA--INFORMACIÓN GENERAL | |
| campo de control de longitud fija | 991125n 000 0 spa u |
| 035 ## - NÚMERO DE CONTROL DEL SISTEMA | |
| Número de control de sistema | UPN01000073002 |
| 100 1# - ASIENTO PRINCIPAL--NOMBRE PERSONAL | |
| Nombre de persona | Márquez Jiménez, Alejandro |
| 222 ## - TÍTULO CLAVE | |
| Título clave | REVISTA LATINOAMERICANA DE INNOVACIONES EDUCATIVAS |
| 245 ## - MENCIÓN DE TÍTULO | |
| Título | La distribución del ingreso y el gasto educativo de los hogares mexicanos : un análisis a tráves de las Encuestas Nacionales de Ingresos y Gastos de los Hogares (ENIGH) : 1984-1992 |
| 300 ## - DESCRIPCIÓN FÍSICA | |
| Extensión | 59-115 |
| 362 0# - FECHAS DE PUBLICACIÓN Y/O DESIGNACIÓN SECUENCIAL | |
| Fecha de publicación y/o designación secuencial | 1996 Vol. 25, no. 4 |
| 653 0# - TERMINO DE INDIZACION - NO CONTROLADO | |
| Término no controlado | ECONOMIA EDUCATIVA |
| 653 0# - TERMINO DE INDIZACION - NO CONTROLADO | |
| Término no controlado | EDUCACION PRIVADA |
| 653 0# - TERMINO DE INDIZACION - NO CONTROLADO | |
| Término no controlado | EDUCACION PUBLICA |
| 653 0# - TERMINO DE INDIZACION - NO CONTROLADO | |
| Término no controlado | EDUCACION SUPERIOR |
| 653 0# - TERMINO DE INDIZACION - NO CONTROLADO | |
| Término no controlado | FAMILIA |
| 653 0# - TERMINO DE INDIZACION - NO CONTROLADO | |
| Término no controlado | FINANCIAMIENTO EDUCATIVO |
| 904 ## - ELEMENTOS DE DATOS D LOCAL, LDD (RLIN) | |
| a | AC |
| b | 010813 |
| 905 ## - TIPO DE MATERIAL | |
| Tipo de material | Articulo |
No items available.
